[Event "Olginka Orbit op"]
[Site "Olginka"]
[Date "2022.08.24"]
[Round "9"]
[White "Zakhartsov, Vladimir"]
[Black "Osipov, Aleksandr"]
[Result "1-0"]
[WhiteElo "2504"]
[BlackElo "2115"]
[PlyCount "51"]
[EventDate "2022.08.16"]
[EventType "swiss"]
[EventRounds "9"]
[EventCountry "RUS"]
[SourceTitle "CBM 209 Extra"]
[Source "ChessBase"]
[SourceDate "2022.09.30"]
[SourceVersion "1"]
[SourceVersionDate "2022.09.30"]
[SourceQuality "1"]

1. d4 d5 2. c4 e6 3. Nf3 Nf6 4. g3 dxc4 5. Bg2 Bb4+ 6. Bd2 c5 7. a3 Bxd2+ 8. Nbxd2 cxd4 9. Nxc4 Nc6 10. 0-0 0-0 11. Rc1 Re8 12. b4 a6 13. Nfe5 Nxe5 14. Nxe5 Qd6 15. f4 Rd8 16. Qd3 Qe7 17. Rc4 a5 18. Rxd4 Rxd4 19. Qxd4 axb4 20. axb4 h6 21. Rc1 Nd5 22. Nd3 b5 23. Qc5 Qf6 24. e4 Ne7 25. e5 Qf5 26. Nf2 1-0

[Event "Olginka Orbit op"]
[Site "Olginka"]
[Date "2022.08.17"]
[Round "2"]
[White "Osipov, Aleksandr"]
[Black "Afanasiev, Nikita"]
[Result "0-1"]
[WhiteElo "2115"]
[BlackElo "2567"]
[PlyCount "124"]
[EventDate "2022.08.16"]
[EventType "swiss"]
[EventRounds "9"]
[EventCountry "RUS"]
[SourceTitle "CBM 209 Extra"]
[Source "ChessBase"]
[SourceDate "2022.09.30"]
[SourceVersion "1"]
[SourceVersionDate "2022.09.30"]
[SourceQuality "1"]

1. d4 e6 2. c4 b6 3. e4 Bb4+ 4. Bd2 Bxd2+ 5. Qxd2 Bb7 6. Nc3 d6 7. Nf3 Nd7 8. Be2 Ngf6 9. Qf4 h6 10. h4 Qe7 11. e5 dxe5 12. Nxe5 Nxe5 13. Qxe5 0-0-0 14. 0-0 Qd6 15. Qxd6 Rxd6 16. Nb5 Rdd8 17. Nxa7+ Kb8 18. Nb5 c6 19. Nc3 Rxd4 20. Rfd1 Rf4 21. a4 Kc7 22. b3 Rf5 23. Rd4 Rd8 24. Rxd8 Kxd8 25. Bf3 Kc7 26. Rd1 Ra5 27. g3 Ne8 28. Bg2 Ra8 29. f4 Nd6 30. Kf2 Ra5 31. Ne4 Ne8 32. Nc3 Bc8 33. Bf3 Nd6 34. Ne4 Nb7 35. Ke3 Bd7 36. Rd2 e5 37. fxe5 Rxe5 38. Kf2 Bf5 39. Re2 Bxe4 40. Rxe4 Rxe4 41. Bxe4 Nc5 42. Bc2 Na6 43. Ke3 Kd6 44. Kd4 c5+ 45. Ke4 Nb4 46. Bd1 Nc6 47. g4 g6 48. h5 Nd8 49. hxg6 fxg6 50. Bc2 Nc6 51. Bd1 Ke6 52. Bf3 Na5 53. Bd1 Nb7 54. Bc2 h5 55. gxh5 gxh5 56. Kf4 Na5 57. Bd1 h4 58. Kg4 Ke5 59. Kxh4 Kf4 60. Kh5 Ke3 61. Kg5 Kd2 62. Bg4 Kc3 0-1

[Event "Chigorin Memorial 28th"]
[Site "St Petersburg"]
[Date "2021.10.30"]
[Round "8"]
[White "Rybakov, Sergey2"]
[Black "Osipov, Aleksandr"]
[Result "1/2-1/2"]
[WhiteElo "1698"]
[BlackElo "2080"]
[PlyCount "81"]
[EventDate "2021.10.23"]
[EventType "swiss"]
[EventRounds "9"]
[EventCountry "RUS"]
[SourceTitle "EXT 2023"]
[Source "ChessBase"]
[SourceDate "2022.10.05"]
[SourceVersion "1"]
[SourceVersionDate "2022.10.05"]
[SourceQuality "1"]

1. e4 e6 2. d4 d5 3. Nd2 c5 4. exd5 exd5 5. Bb5+ Nc6 6. Ngf3 Bd6 7. dxc5 Bxc5 8. Nb3 Bd6 9. 0-0 Nge7 10. Bg5 0-0 11. c3 Qc7 12. h3 h6 13. Bxe7 Nxe7 14. Bd3 a6 15. Re1 Bd7 16. Nbd4 Rad8 17. Qc2 Rfe8 18. Re2 Bc5 19. Rae1 Qf4 20. Ne5 Bc8 21. Bh7+ Kf8 22. Nd3 Qc7 23. Nxc5 Qxc5 24. Bf5 Nxf5 25. Nxf5 Rxe2 26. Rxe2 Bxf5 27. Qxf5 Kg8 28. Qe5 b5 29. Re3 Qd6 30. Qd4 Qd7 31. Rg3 g6 32. Qf4 h5 33. Rd3 Re8 34. Re3 Rxe3 35. Qxe3 Qf5 36. Kh2 Kg7 37. Qd4+ Kg8 38. Qe3 Kg7 39. Qd4+ Kg8 40. Qe3 Kg7 41. Qd4+ 1/2-1/2

[Event "Chigorin Memorial 28th"]
[Site "St Petersburg"]
[Date "2021.10.28"]
[Round "6"]
[White "Osipov, Aleksandr"]
[Black "Timerkhanov, Alexander"]
[Result "0-1"]
[WhiteElo "2080"]
[BlackElo "2401"]
[PlyCount "72"]
[EventDate "2021.10.23"]
[EventType "swiss"]
[EventRounds "9"]
[EventCountry "RUS"]
[SourceTitle "EXT 2023"]
[Source "ChessBase"]
[SourceDate "2022.10.05"]
[SourceVersion "1"]
[SourceVersionDate "2022.10.05"]
[SourceQuality "1"]

1. d4 d5 2. c4 dxc4 3. e4 b5 4. a4 c6 5. axb5 cxb5 6. Nc3 a6 7. Nxb5 axb5 8. Rxa8 Bb7 9. Ra1 e6 10. Be2 Nf6 11. Nf3 Nxe4 12. 0-0 Nc6 13. Be3 Qd5 14. Qc1 Bb4 15. Rd1 0-0 16. Bf1 f6 17. Ne1 Bxe1 18. Rxe1 Rd8 19. Rd1 Nd6 20. h3 Nf5 21. b3 cxb3 22. Qc5 Ncxd4 23. Bxd4 Nxd4 24. Qe7 h6 25. Rab1 Rd7 26. Qb4 Qe4 27. Qc5 Nf3+ 28. Kh1 Qf4 29. g3 Ng5+ 30. Bg2 Rxd1+ 31. Rxd1 Bxg2+ 32. Kh2 Qe4 33. Rd8+ Kh7 34. Qf8 Bxh3 35. Qg8+ Kg6 36. Qe8+ Nf7 0-1

[Event "Chigorin Memorial 28th"]
[Site "St Petersburg"]
[Date "2021.10.26"]
[Round "4"]
[White "Satanovskaia, Evgeniia"]
[Black "Osipov, Aleksandr"]
[Result "1/2-1/2"]
[WhiteElo "1709"]
[BlackElo "2080"]
[PlyCount "83"]
[EventDate "2021.10.23"]
[EventType "swiss"]
[EventRounds "9"]
[EventCountry "RUS"]
[SourceTitle "EXT 2023"]
[Source "ChessBase"]
[SourceDate "2022.10.05"]
[SourceVersion "1"]
[SourceVersionDate "2022.10.05"]
[SourceQuality "1"]

1. d4 e6 2. Nf3 Nf6 3. e3 b6 4. Bd3 Bb7 5. 0-0 Be7 6. c4 0-0 7. Nc3 d5 8. b3 c5 9. cxd5 Nxd5 10. Bb2 Nc6 11. dxc5 Bxc5 12. Qe2 Ncb4 13. Bc4 Nxc3 14. Bxc3 Nd5 15. Bb2 Qe7 16. Rfd1 Rfd8 17. Rac1 h6 18. Bd4 Ba3 19. Rc2 Rac8 20. Be5 Bc5 21. Rcd2 Bb4 22. Rd3 Nf6 23. Qb2 Rxd3 24. Rxd3 Ba3 25. Bxf6 gxf6 26. Qd2 Qb4 27. Rd8+ Kg7 28. Rd7 Bxf3 29. Qxb4 Bxb4 30. gxf3 Kg6 31. Rxa7 Rd8 32. a3 Rd1+ 33. Kg2 Ra1 34. Rb7 Be1 35. Kf1 Ba5+ 36. Kg2 Rxa3 37. b4 Bxb4 38. Rxb6 Bd2 39. Rd6 Bb4 40. Rd3 Rxd3 41. Bxd3+ f5 42. f4 1/2-1/2

[Event "Anapa Sea Harbor Cup"]
[Site "Anapa"]
[Date "2021.06.06"]
[Round "5"]
[White "Osipov, Aleksandr"]
[Black "Gabrielian, Artur"]
[Result "0-1"]
[WhiteElo "2062"]
[BlackElo "2456"]
[PlyCount "100"]
[EventDate "2021.06.02"]
[EventType "swiss"]
[EventRounds "9"]
[EventCountry "RUS"]
[SourceTitle "CBM 202 Extra"]
[Source "ChessBase"]
[SourceDate "2021.07.31"]
[SourceVersion "1"]
[SourceVersionDate "2021.07.31"]
[SourceQuality "1"]

1. d4 Nf6 2. c4 g6 3. Nc3 Bg7 4. g3 d5 5. cxd5 Nxd5 6. Bg2 Nxc3 7. bxc3 c5 8. e3 0-0 9. Ne2 Nc6 10. 0-0 Qa5 11. a4 Rd8 12. Rb1 Qa6 13. Re1 Bd7 14. Ba3 b6 15. Nf4 Rac8 16. Bf1 Qb7 17. Bg2 e5 18. Nd5 Be6 19. c4 Qa6 20. dxc5 Qxc4 21. e4 bxc5 22. Rc1 Qa6 23. Rxc5 Bxd5 24. exd5 Nd4 25. h4 Rxc5 26. Bxc5 Qa5 27. Bxd4 exd4 28. Re4 h5 29. Bf3 Qb4 30. Kg2 a5 31. Re2 Bf6 32. Kh2 Kg7 33. Kg2 Rc8 34. Rc2 Rc3 35. Rxc3 dxc3 36. Qc2 Bd4 37. Be4 f5 38. Bf3 Qc5 39. d6 Qxd6 40. Bd1 Qc5 41. Qe2 Qd5+ 42. Kg1 Bc5 43. Bc2 Qd4 44. Kg2 f4 45. gxf4 Qxf4 46. Qe6 Qxf2+ 47. Kh3 Qf1+ 48. Kg3 Bf2+ 49. Kf3 Bxh4+ 50. Ke4 Qe2+ 0-1

[Event "Anapa Sea Harbor Cup"]
[Site "Anapa"]
[Date "2021.06.04"]
[Round "3"]
[White "Osipov, Aleksandr"]
[Black "Truskavetsky, Alexandr"]
[Result "0-1"]
[WhiteElo "2062"]
[BlackElo "2386"]
[PlyCount "72"]
[EventDate "2021.06.02"]
[EventType "swiss"]
[EventRounds "9"]
[EventCountry "RUS"]
[SourceTitle "CBM 202 Extra"]
[Source "ChessBase"]
[SourceDate "2021.07.31"]
[SourceVersion "1"]
[SourceVersionDate "2021.07.31"]
[SourceQuality "1"]

1. d4 Nf6 2. c4 e6 3. g3 d5 4. Bg2 Be7 5. Nf3 0-0 6. 0-0 Nbd7 7. Qc2 c6 8. Nbd2 a5 9. e4 a4 10. Re1 h6 11. a3 Qa5 12. e5 Ne8 13. cxd5 cxd5 14. Nf1 b5 15. Ne3 Qc7 16. Qd1 Nb6 17. h4 b4 18. Ng4 Ba6 19. Nfh2 h5 20. Ne3 g6 21. g4 Ng7 22. gxh5 gxh5 23. Nf3 bxa3 24. bxa3 Qc3 25. Rb1 Rfb8 26. Ng5 Qd3 27. Rxb6 Rxb6 28. Qxa4 Qc3 29. Nf3 Rb1 30. Bd2 Rxe1+ 31. Bxe1 Qxa3 32. Qd7 Bd3 33. Ng5 Bxg5 34. hxg5 Qa1 35. g6 Qxe1+ 36. Kh2 Bxg6 0-1

[Event "EU-ch Online U2300 Qual"]
[Site "Chess.com INT"]
[Date "2020.05.25"]
[Round "2"]
[White "Injac, Teodora"]
[Black "Osipov, Aleksandr"]
[Result "1-0"]
[WhiteElo "2286"]
[BlackElo "2030"]
[PlyCount "100"]
[EventDate "2020.05.25"]
[EventType "swiss"]
[EventRounds "8"]
[EventCountry "NET"]
[SourceTitle "EXT 2021"]
[Source "ChessBase"]
[SourceDate "2020.10.23"]
[SourceVersion "1"]
[SourceVersionDate "2020.10.23"]
[SourceQuality "1"]

1. d4 e6 2. Nf3 Nf6 3. e3 b6 4. Bd3 Bb7 5. 0-0 Be7 6. c4 c5 7. Nc3 d6 8. d5 exd5 9. cxd5 Nbd7 10. e4 0-0 11. h3 Re8 12. Bf4 Bf8 13. Re1 a6 14. a4 Qc7 15. Rc1 Rac8 16. Bc4 g6 17. Qd3 Ra8 18. b3 Bg7 19. Qd2 Nh5 20. Bh6 Bh8 21. g4 Nhf6 22. Bf4 Bg7 23. Re2 Rad8 24. Qd3 Ra8 25. Rce1 Ne5 26. Nxe5 dxe5 27. Be3 Qd6 28. Rb1 h5 29. f3 Bc8 30. Reb2 Bf8 31. b4 cxb4 32. Rxb4 Qxb4 33. Rxb4 Bxb4 34. Bxb6 Rb8 35. Bc7 Rb7 36. d6 hxg4 37. hxg4 Bc5+ 38. Kf1 Rb2 39. Nd5 Nxd5 40. Qxd5 Rf2+ 41. Ke1 Be6 42. d7 Bxd7 43. Qxd7 Rf8 44. Bxe5 Rxf3 45. Bd6 Bxd6 46. Qxd6 Re3+ 47. Kf2 Rxe4 48. Qxg6+ Kh8 49. Qxe4 Rd8 50. Bd3 Rc8 1-0

[Event "EU-ch Online U2300 Qual"]
[Site "Chess.com INT"]
[Date "2020.05.25"]
[Round "1"]
[White "Miletic, Vuk"]
[Black "Osipov, Aleksandr"]
[Result "1-0"]
[WhiteElo "2159"]
[BlackElo "2030"]
[PlyCount "97"]
[EventDate "2020.05.25"]
[EventType "swiss"]
[EventRounds "8"]
[EventCountry "NET"]
[SourceTitle "EXT 2021"]
[Source "ChessBase"]
[SourceDate "2020.10.23"]
[SourceVersion "1"]
[SourceVersionDate "2020.10.23"]
[SourceQuality "1"]

1. d4 Nf6 2. c4 e6 3. Nf3 b6 4. g3 Bb7 5. Bg2 c5 6. 0-0 cxd4 7. Nxd4 Bxg2 8. Kxg2 Qc7 9. b3 a6 10. Qd3 Qb7+ 11. f3 d6 12. e4 Nbd7 13. Nc3 Be7 14. Be3 0-0 15. Rfd1 Rfd8 16. Rac1 Rac8 17. Rc2 Ne5 18. Qe2 d5 19. exd5 exd5 20. cxd5 Nxd5 21. Nxd5 Qxd5 22. Rxc8 Rxc8 23. Nf5 Qe6 24. Nxe7+ Qxe7 25. Bxb6 Qb7 26. Rd8+ Rxd8 27. Bxd8 f6 28. Ba5 h5 29. Bc3 Ng6 30. Qc4+ Kh7 31. Qc5 Ne7 32. Qxh5+ Kg8 33. Qc5 Qd7 34. Qc4+ Kh7 35. Qxa6 Qd1 36. Qc4 Qc2+ 37. Kh3 Qxa2 38. Qe4+ Ng6 39. b4 Qa6 40. Kg2 Qa2+ 41. Kg1 Qa7+ 42. Bd4 Qa4 43. Bf2 Qb5 44. g4 Qb8 45. h4 f5 46. Qxf5 Qxb4 47. Qh5+ Kg8 48. Qxg6 Qb1+ 49. Qxb1 1-0

[Event "EU-ch Online U2300 Qual"]
[Site "Chess.com INT"]
[Date "2020.05.25"]
[Round "3"]
[White "Osipov, Aleksandr"]
[Black "Voiska, Margarita"]
[Result "0-1"]
[WhiteElo "2030"]
[BlackElo "2219"]
[PlyCount "66"]
[EventDate "2020.05.25"]
[EventType "swiss"]
[EventRounds "8"]
[EventCountry "NET"]
[SourceTitle "EXT 2021"]
[Source "ChessBase"]
[SourceDate "2020.10.23"]
[SourceVersion "1"]
[SourceVersionDate "2020.10.23"]
[SourceQuality "1"]

1. d4 d6 2. c4 e5 3. d5 f5 4. Nc3 Nf6 5. Bg5 Be7 6. Bxf6 Bxf6 7. e4 0-0 8. Bd3 g6 9. Nge2 Na6 10. Ng3 Bg7 11. h4 Nc5 12. Bc2 a5 13. h5 Qg5 14. hxg6 hxg6 15. Qe2 f4 16. Nf1 Qxg2 17. Rh2 Qg1 18. 0-0-0 f3 19. Qd2 Bf6 20. Kb1 Bg5 21. Qe1 Bf4 22. Rh4 g5 23. Rh5 Bg4 24. Rh6 Kg7 25. Re6 Nxe6 26. dxe6 Bxe6 27. Nd5 Rf7 28. Rd3 g4 29. c5 Rh8 30. cxd6 cxd6 31. Rb3 Rh2 32. Nxf4 Bxb3 33. Bxb3 Rxf4 0-1

[Event "Sochi Archibald op 1st"]
[Site "Sochi"]
[Date "2019.05.12"]
[Round "1"]
[White "Nechaeva, Marina"]
[Black "Osipov, Aleksandr"]
[Result "0-1"]
[WhiteElo "2402"]
[BlackElo "2024"]
[PlyCount "78"]
[EventDate "2019.05.12"]
[EventType "swiss"]
[EventRounds "9"]
[EventCountry "RUS"]
[SourceTitle "CBM 190 Extra"]
[Source "ChessBase"]
[SourceDate "2019.07.15"]
[SourceVersion "1"]
[SourceVersionDate "2019.07.15"]
[SourceQuality "1"]

1. d4 Nf6 2. c4 e6 3. Nf3 b6 4. g3 Ba6 5. Qa4 Bb7 6. Bg2 c5 7. dxc5 Bxc5 8. 0-0 0-0 9. Nc3 a6 10. Bf4 Be7 11. Rfd1 d6 12. Rd2 Qc7 13. Rad1 Rd8 14. Qc2 h6 15. b3 Nh5 16. Be3 Nf6 17. Ne1 Bxg2 18. Kxg2 Nbd7 19. f3 Rac8 20. Nb1 Qb7 21. Qb2 b5 22. cxb5 axb5 23. Bd4 Rc6 24. Nd3 Rdc8 25. a3 R6c7 26. Nb4 Bf8 27. Kg1 Be7 28. Rc2 Rxc2 29. Nxc2 h5 30. Nb4 h4 31. Rc1 Nc5 32. Nd2 e5 33. Bf2 e4 34. Nc2 Re8 35. b4 Ne6 36. Ne3 Ng5 37. f4 Nh3+ 38. Kg2 Nxf2 39. Kxf2 Qa7 0-1

[Event "Sochi Amateur op 6th"]
[Site "Sochi"]
[Date "2019.04.07"]
[Round "1"]
[White "Osipov, Aleksandr"]
[Black "Egorov, Evgeni"]
[Result "0-1"]
[WhiteElo "1989"]
[BlackElo "2356"]
[PlyCount "76"]
[EventDate "2019.04.07"]
[EventType "swiss"]
[EventRounds "9"]
[EventCountry "RUS"]
[SourceTitle "CBM 189 Extra"]
[Source "ChessBase"]
[SourceDate "2019.05.31"]
[SourceVersion "1"]
[SourceVersionDate "2019.05.31"]
[SourceQuality "1"]

1. d4 Nf6 2. Bg5 e6 3. e4 d5 4. e5 h6 5. Be3 Nfd7 6. f4 c5 7. c3 Nc6 8. Nf3 Qb6 9. Qd2 a5 10. Bd3 a4 11. 0-0 g6 12. Na3 Qa5 13. Qc2 c4 14. Be2 b5 15. g4 Nb6 16. Nh4 Rg8 17. Kh1 Be7 18. Bf2 b4 19. Nb1 a3 20. Nf3 axb2 21. Qxb2 Na4 22. Qc2 bxc3 23. a3 Rb8 24. Bd1 Rb3 25. Qc1 Na7 26. Bc2 Nb5 27. f5 gxf5 28. gxf5 Rb2 29. Bxa4 Qxa4 30. Be1 Qc2 31. Qxc2 Rxc2 32. a4 Rc1 33. Ra2 Rxb1 34. axb5 exf5 35. Rg1 Rxg1+ 36. Kxg1 f4 37. b6 Bg4 38. b7 Rxb7 0-1

[Event "Dvorkovich Memorial op"]
[Site "Taganrog"]
[Date "2019.01.18"]
[Round "9"]
[White "Getman, Tatyana"]
[Black "Osipov, Aleksandr"]
[Result "1-0"]
[WhiteElo "2186"]
[BlackElo "1959"]
[PlyCount "84"]
[EventDate "2019.01.10"]
[EventType "swiss"]
[EventRounds "9"]
[EventCountry "RUS"]
[SourceTitle "CBM 188 Extra"]
[Source "ChessBase"]
[SourceDate "2019.02.28"]
[SourceVersion "1"]
[SourceVersionDate "2019.02.28"]
[SourceQuality "1"]

1. d4 d5 2. c4 e6 3. Nc3 a6 4. cxd5 exd5 5. Nf3 Nf6 6. Bg5 Be6 7. e3 Nbd7 8. Bd3 h6 9. Bh4 g5 10. Bg3 Nh5 11. Be5 Ng7 12. h3 Nxe5 13. Nxe5 Bd6 14. Qc2 c5 15. 0-0 cxd4 16. exd4 0-0 17. Rae1 Qb6 18. Qd2 Rad8 19. Bb1 Bc7 20. h4 Bc8 21. hxg5 hxg5 22. Ne2 Qh6 23. Ng3 Rd6 24. Qd3 Rf6 25. Rc1 Bxe5 26. dxe5 Rb6 27. b3 Qh4 28. f4 Rh6 29. f5 Bd7 30. Rf3 Bb5 31. Qd2 d4 32. Kf2 d3 33. Qe3 Qb4 34. Bxd3 Bxd3 35. Qxd3 g4 36. Re3 Qf4+ 37. Kg1 Nxf5 38. Nxf5 Qh2+ 39. Kf2 Qf4+ 40. Ke2 Rh2 41. Qe4 Qxe4 42. Rxe4 Rxg2+ 1-0

[Event "Dvorkovich Memorial op"]
[Site "Taganrog"]
[Date "2019.01.10"]
[Round "1"]
[White "Shaposhnikov, Evgeny"]
[Black "Osipov, Aleksandr"]
[Result "1-0"]
[WhiteElo "2576"]
[BlackElo "1959"]
[PlyCount "73"]
[EventDate "2019.01.10"]
[EventType "swiss"]
[EventRounds "9"]
[EventCountry "RUS"]
[SourceTitle "CBM 188 Extra"]
[Source "ChessBase"]
[SourceDate "2019.02.28"]
[SourceVersion "1"]
[SourceVersionDate "2019.02.28"]
[SourceQuality "1"]

1. e4 c5 2. Nf3 d6 3. c3 Nf6 4. h3 g6 5. Bd3 Bg7 6. 0-0 0-0 7. Bc2 e5 8. d4 cxd4 9. cxd4 exd4 10. Nxd4 Nc6 11. Nxc6 bxc6 12. Nc3 Be6 13. Bg5 Qa5 14. Bd2 Qa6 15. Be3 Rfd8 16. Na4 Qa5 17. Qe1 Qa6 18. b3 c5 19. Rd1 Nd7 20. Bg5 Re8 21. Qd2 Ne5 22. Qxd6 Qc8 23. Qxc5 Bxh3 24. Qxc8 Raxc8 25. Bb1 Bd7 26. Be3 Bxa4 27. bxa4 a6 28. Rd5 Nc4 29. Bc1 Nb6 30. Ra5 Rc4 31. Rxa6 Nd7 32. Bd3 Rd4 33. Bb5 Rc8 34. Be3 Nc5 35. Bxd4 Bxd4 36. Rd6 Bb2 37. Rc6 1-0

[Event "Chigorin Memorial 26th"]
[Site "St Petersburg"]
[Date "2018.11.02"]
[Round "7"]
[White "Nuritdinov, Nizomitdin"]
[Black "Osipov, Aleksandr"]
[Result "0-1"]
[WhiteElo "1796"]
[BlackElo "2021"]
[PlyCount "72"]
[EventDate "2018.10.27"]
[EventType "swiss"]
[EventRounds "9"]
[EventCountry "RUS"]
[SourceTitle "CBM 187 Extra"]
[Source "ChessBase"]
[SourceDate "2018.11.04"]
[SourceVersion "1"]
[SourceVersionDate "2018.11.04"]
[SourceQuality "1"]

1. d4 d5 2. Nf3 e6 3. Bf4 Nf6 4. e3 c5 5. c3 Nc6 6. Nbd2 Bd6 7. Bg5 0-0 8. Bd3 e5 9. dxe5 Nxe5 10. Nxe5 Bxe5 11. Nf3 Bc7 12. 0-0 h6 13. Bh4 Qd6 14. Bg3 Qe7 15. Bxc7 Qxc7 16. h3 Ne4 17. Rc1 Nd6 18. Bb1 Be6 19. Qd3 Ne4 20. c4 Nf6 21. cxd5 Bxd5 22. Qf5 b6 23. Rfd1 Rad8 24. Nh4 Be6 25. Qc2 Qe5 26. Rxd8 Rxd8 27. Rd1 Rxd1+ 28. Qxd1 g6 29. Qd8+ Kg7 30. Qe7 Qxb2 31. Bxg6 Nd5 32. Qxa7 Qa1+ 33. Kh2 Qf6 34. g3 Qxf2+ 35. Kh1 Qf1+ 36. Kh2 Qxh3+ 0-1

[Event "Chigorin Memorial 26th"]
[Site "St Petersburg"]
[Date "2018.10.27"]
[Round "1"]
[White "Bykov, Oleg1"]
[Black "Osipov, Aleksandr"]
[Result "1-0"]
[WhiteElo "2411"]
[BlackElo "2021"]
[PlyCount "53"]
[EventDate "2018.10.27"]
[EventType "swiss"]
[EventRounds "9"]
[EventCountry "RUS"]
[SourceTitle "CBM 187 Extra"]
[Source "ChessBase"]
[SourceDate "2018.11.04"]
[SourceVersion "1"]
[SourceVersionDate "2018.11.04"]
[SourceQuality "1"]

1. d4 d5 2. c4 e6 3. Nc3 a6 4. cxd5 exd5 5. Bf4 Nf6 6. e3 Bd6 7. Bxd6 Qxd6 8. Bd3 c6 9. Nge2 Nbd7 10. 0-0 0-0 11. Rb1 Re8 12. Ng3 g6 13. Qd2 Nf8 14. b4 h5 15. f3 Ne6 16. Qf2 Kg7 17. Nge2 Re7 18. h3 Ng5 19. e4 dxe4 20. fxe4 Ngxe4 21. Bxe4 Nxe4 22. Nxe4 Rxe4 23. Qxf7+ Kh6 24. Rf6 Qxf6 25. Qxf6 Rxe2 26. Qf8+ Kh7 27. Rf1 1-0